000 01319nam a2200277 a 4500
001 40408
003 BD-RjUL
005 20211209053215.0
008 160430r19961994bg |||| |||| 00| 0 ben d
020 _c: Tk. 120.00 (White)
035 _a(BD-RjUL)40523
040 _aBD-RjUL
_beng
_cBD-RjUL
041 _aeng
082 _223
_a954.92
_bSAF 1996
100 _aসাইয়িদ, আবু
_9124475
245 1 0 _aফ্যাক্টস এন্ড ডকুমেন্টস :
_bবঙ্গবন্ধু হত্যাকান্ড /
_cআবু সাইয়িদ
250 _a৪র্থ সং.
260 _aঢাকা :
_bজ্ঞানকোষ,
_c১৯৯৪ [পুনমুর্দ্রণ ১৯৯৬]
300 _a৩৪৮ পৃ. ;
_c২১ সেমি.
500 _a"অমর একুশে গ্রন্থমেলা '৯৪"
600 _aরহমান, শেখ মুজিবুর
_d১৯২০-১৯৭৫ খ্রিষ্টাব্দ
_xহত্যা
_9248544
600 _aRahman, Sheikh Mujibur
_d1920-1975 A. D.
_xAssassination.
_9248545
651 _aবাংলাদেশ
_xরাজনীতি এবং সরকার
_y১৯৭১-
_9248518
651 _aBangladesh
_xPolitics and government
_y1971-
_9248519
942 _2ddc
_cBK
999 _c40408
_d40408